3D PRINTING / (Record no. 193245)
[ view plain ]
| 000 -LEADER | |
|---|---|
| fixed length control field | 01221nam a2200337 i 4500 |
| 003 - CONTROL NUMBER IDENTIFIER | |
| control field | OSt |
| 005 - DATE AND TIME OF LATEST TRANSACTION | |
| control field | 20231025145031.0 |
| 008 - FIXED-LENGTH DATA ELEMENTS--GENERAL INFORMATION | |
| fixed length control field | 231003t20222022enkao b 00| 0 eng d |
| 020 ## - INTERNATIONAL STANDARD BOOK NUMBER | |
| International Standard Book Number | 9780241559413 |
| Terms of availability | RM34.75 |
| Qualifying information | paperback |
| 040 ## - CATALOGING SOURCE | |
| Original cataloging agency | PPAK |
| Language of cataloging | eng |
| Transcribing agency | PPAK |
| Description conventions | rda |
| 082 04 - DEWEY DECIMAL CLASSIFICATION NUMBER | |
| Edition number | 23 |
| Classification number | 621.988 |
| 090 00 - LOCALLY ASSIGNED LC-TYPE CALL NUMBER (OCLC); LOCAL CALL NUMBER (RLIN) | |
| Classification number (OCLC) (R) ; Classification number, CALL (RLIN) (NR) | 621.988 |
| Feature heading | SAU |
| Feature heading | K |
| 100 1# - MAIN ENTRY--PERSONAL NAME | |
| Personal name | Saunders, Catherine, |
| Relator term | author. |
| 245 10 - TITLE STATEMENT | |
| Title | 3D PRINTING / |
| Statement of responsibility, etc. | Written by Catherine Saunders ; Series Editor: Nick Coates ; Designed by Dynamo Limited |
| 246 33 - VARYING FORM OF TITLE | |
| Title proper/short title | Three dimensional printing |
| 264 #1 - PRODUCTION, PUBLICATION, DISTRIBUTION, MANUFACTURE, AND COPYRIGHT NOTICE | |
| Place of production, publication, distribution, manufacture | London : |
| Name of producer, publisher, distributor, manufacturer | Ladybird Books, |
| Date of production, publication, distribution, manufacture, or copyright notice | 2022 |
| Date of production, publication, distribution, manufacture, or copyright notice | ©2022 |
| 300 ## - PHYSICAL DESCRIPTION | |
| Extent | 31 pages : |
| Other physical details | colour photograph ; |
| Dimensions | 26 cm |
| 336 ## - CONTENT TYPE | |
| Source | rdacontent |
| Content type term | text |
| 337 ## - MEDIA TYPE | |
| Source | rdamedia |
| Media type term | unmediated |
| 338 ## - CARRIER TYPE | |
| Source | rdacarrier |
| Carrier type term | volume |
| 490 1# - SERIES STATEMENT | |
| Series statement | DO YOU KNOW? ; |
| Volume/sequential designation | Level 1 |
| 500 ## - GENERAL NOTE | |
| General note | Includes questions and exercises |
| 520 ## - SUMMARY, ETC. | |
| Summary, etc. | Can you 3D print a house? Do astronauts have 3D printers? Find out more about the science of 3D printing. |
| 650 10 - SUBJECT ADDED ENTRY--TOPICAL TERM | |
| Topical term or geographic name entry element | Three-dimensional printing |
| Form subdivision | Juvenile literature. |
| Topical term or geographic name entry element | Readers (Primary) |
| 700 1# - ADDED ENTRY--PERSONAL NAME | |
| Personal name | Coates, Nick, |
| Relator term | editor. |
| 710 2# - ADDED ENTRY--CORPORATE NAME | |
| Corporate name or jurisdiction name as entry element | Dynamo Limited, |
| Relator term | illustrator. |
| 830 #0 - SERIES ADDED ENTRY--UNIFORM TITLE | |
| Uniform title | Do you know? ; |
| Number of part/section of a work | level 1 |
| 942 ## - ADDED ENTRY ELEMENTS (KOHA) | |
| Source of classification or shelving scheme | Dewey Decimal Classification |
| Koha item type | Book |
| Withdrawn | Not for loan | Current library | Shelving location | Date acquired | Total Checkouts | Full call number | Barcode | Date last seen | Date last checked out | Koha item type |
|---|---|---|---|---|---|---|---|---|---|---|
| Perpustakaan Alor Setar | Pinjaman Kanak-kanak | 07/11/2023 | 2 | K 621.988 SAU | A01796370 | 14/06/2025 | 22/05/2025 | Book | ||
| Perpustakaan Awam Sungai Petani | Pinjaman Kanak-kanak | 07/11/2023 | K 621.988 SAU | A01796371 | 07/11/2023 | Book | ||||
| Perpustakaan Baling | Pinjaman Kanak-kanak | 07/11/2023 | K 621.988 SAU | A01796375 | 07/11/2023 | Book | ||||
| Perpustakaan Bandar Baharu | Pinjaman Kanak-kanak | 07/11/2023 | K 621.988 SAU | A01796376 | 07/11/2023 | Book | ||||
| Perpustakaan Jitra | Pinjaman Kanak-kanak | 07/11/2023 | K 621.988 SAU | A01796372 | 07/11/2023 | Book | ||||
| Perpustakaan Kuala Nerang | Pinjaman Kanak-kanak | 07/11/2023 | K 621.988 SAU | A01796380 | 07/11/2023 | Book | ||||
| Perpustakaan Kulim | Pinjaman Kanak-kanak | 07/11/2023 | K 621.988 SAU | A01796374 | 07/11/2023 | Book | ||||
| Perpustakaan Langkawi | Pinjaman Kanak-kanak | 07/11/2023 | 1 | K 621.988 SAU | A01796373 | 18/06/2025 | 28/05/2025 | Book | ||
| Perpustakaan Merbok | Pinjaman Kanak-kanak | 07/11/2023 | K 621.988 SAU | A01796377 | 07/11/2023 | Book | ||||
| Perpustakaan Pendang | Pinjaman Kanak-kanak | 07/11/2023 | K 621.988 SAU | A01796381 | 07/11/2023 | Book | ||||
| Perpustakaan Sik | Pinjaman Kanak-kanak | 07/11/2023 | K 621.988 SAU | A01796379 | 07/11/2023 | Book | ||||
| Perpustakaan Yan | Pinjaman Kanak-kanak | 07/11/2023 | 1 | K 621.988 SAU | A01796378 | 06/02/2024 | 05/02/2024 | Book |